000 00467nam a22001697a 4500
003 OSt
005 20211008111351.0
008 211008b |||||||| |||| 00| 0 eng d
020 _a0 333 34154 6
040 _cHawassa University
050 _a630.96/NGU
_b1
082 _a630.96/NGU
_b1
100 _aNgugi,N.D.
_911610
245 _aEast African Agriculture:A Textbook for Secondary School
260 _aLondon
_bMacmillan Publishers
_c1978
942 _2ddc
_cBOOKS
_n0
999 _c10764
_d10764